00153nam a2200061Ia 4500008004100000100001800041245003200059120527s9999 xx 000 0 und d aAzzara, et al aCracking the An :Psychology